Etiqueta de registo: 00254nam 2200025 450
001 2271920
003 http://id.bnportugal.gov.pt/bib/catbnp/2271920
010 ## $z978-989-338445
021 ## $aPT$b555718/25
100 ## $a20260225d2025 m y0pory01030103ba
101 0# $apor
102 ## $aPT
105 ## $aa g 000yy
106 ## $ar
200 1# $aGuia de polinizadores de Portugal$fAlbano Soares... [et al.]$gtexto introd. Andreia Penado... [et al.]$gtextos das fichas Carla Rego... [et al.]
205 ## $a2ª ed
210 #9 $a[S.l.$cs.n.],$d2025
215 ## $a359 p.$cil.$d22 cm
675 ## $a595.76/.79(469)(035)$vBN$zpor$31991209
675 ## $a598.2(469)(035)$vBN$zpor$31888769
675 ## $a581.162(469)(035)$vBN$zpor$31991210
700 #1 $aSoares,$bAlbano$31478942
702 #1 $aPenado,$bAndreia$4080$31937394
702 #1 $93$aRego,$bCarla$4070$31987422
801 #0 $aPT$bBN$gRPC
856 41 $uhttp://rnod.bnportugal.gov.pt/ImagesBN/winlibimg.aspx?skey=&doc=2271920&img=220357&save=true
900 ## $aBIBNAC$d20260327
966 ## $lBN$mFGMON$sS.A. 193339 V.$x1
966 ## $lBN$mFGMON$sS.A. 193339 V.-D$x1
971 ## $corlando$d20260225
972 ## $e0$z0$d20260327$vlrevez
973 ## $cmlsousa$d20260313